000 00787nam a22002297a 4500
001 48554
003 BD-RjUL
005 20211209054538.0
008 160814s1969 bg ||||| |||| 00| 0 ben d
020 _c: TK 3.50
035 _a(BD-RjUL)48673
040 _aBD-RjUL
_bben
_cBD-RjUL
041 _aben
082 _223
_a891.442
_bWAK 1969
100 _aওয়াকিল, নেয়ামাল
_9146726
245 1 0 _aরঙ ও রূপো /
_cনেয়ামাল ওয়াকিল
260 _aঢাকা :
_bকাকলি গ্রন্থকীট,
_c১৯৬৯
300 _a১২২ পৃ. :
_bচিত্র ;
_c২১ সেমি
650 _aবাংলা নাটক
_9146727
650 _aBengali Drama
_9146728
942 _2ddc
_cBK
999 _c48554
_d48554